LEADER 01101nam0-2200337---450- 001 990008327760403321 005 20060515122245.0 010 $a1-56518-222-7 035 $a000832776 035 $aFED01000832776 035 $a(Aleph)000832776FED01 035 $a000832776 100 $a20060515d2005----km-y0itay50------ba 101 0 $aeng 102 $aUS 105 $ay-------001yy 200 1 $aChange and essence$edialectical relations between change and continuity in the Turkish intellectual tradition$fedited by Sinasi Gunduz, Cafer S. Yaran 210 $aWashington$cThe council for research in values and philosophy$d2005 215 $a199 p.$d23 cm 225 1 $aCultural heritage and contemporary change$hSeries 2.A$iIslam$v18 610 0 $aIslamismo$aTurchia$aSec. 20. 676 $a297.2$v21$zita 702 1$aGunduz,$bSinasi 702 1$aYaran,$bCafer S. 801 0$aIT$bUNINA$c20050515$gRICA$2UNIMARC 901 $aBK 912 $a990008327760403321 952 $aP.1 FRM 860$bBibl.53608$fFLFBC 959 $aFLFBC 996 $aChange and essence$9743434 997 $aUNINA LEADER 01294nam 2200445 450 001 9910826572603321 005 20230120045954.0 010 $a1-78525-965-2 035 $a(CKB)3710000000727527 035 $a(MiAaPQ)EBC4732694 035 $a(Au-PeEL)EBL4732694 035 $a(CaPaEBR)ebr11332525 035 $a(OCoLC)954462746 035 $a(MiAaPQ)EBC4528531 035 $a(EXLCZ)993710000000727527 100 $a20170130h20162016 uy 0 101 0 $aspa 135 $aurcnu|||||||| 181 $2rdacontent 182 $2rdamedia 183 $2rdacarrier 200 10$aHaga usted mismo 25 nuevos modelos de estanterias /$fJoaquin Vilargunter Mun?oz 210 1$a[Barcelona, Spain] :$cDe Vecchi,$d2016. 210 4$dİ2016 215 $a1 online resource (164 pages) 300 $aIncludes index. 311 $a84-315-2458-8 606 $aFurniture making$vAmateurs' manuals 606 $aShelving (Furniture) 615 0$aFurniture making 615 0$aShelving (Furniture) 676 $a684.104 700 $aVilargunter Mun?oz$b Joaquin$01639264 801 0$bMiAaPQ 801 1$bMiAaPQ 801 2$bMiAaPQ 906 $aBOOK 912 $a9910826572603321 996 $aHaga usted mismo 25 nuevos modelos de estanterias$93982127 997 $aUNINA